City by Smart Card Ticketing System - Statistics

General Stats
  • This quiz has been taken 69 times
  • The average score is 6 of 12
Answer Stats
Smart Card City % Correct
Oyster London
91%
Navigo Paris
78%
Octopus Hong Kong
72%
Suica Tokyo
72%
Opal Sydney
64%
Presto Toronto / Ottawa
55%
Clipper San Francisco
47%
OPUS Montreal / Quebec
33%
ORCA Seattle
29%
Leap Dublin / Cork
22%
Rabbit Bangkok
17%
Nol Dubai
16%
No matching quizzes found
Score Distribution
Percent of People with Each Score
Percentile by Number Answered
Your Score History
You have not taken this quiz